| 000 | 00408cam a2200157ua 4500 | ||
|---|---|---|---|
| 041 |
_aeng _h |
||
| 082 |
_a330 _bPAI/BE |
||
| 100 | _aPaish, T.W . | ||
| 245 |
_aBenham`s economics : A general introduction / _cT.W.Paish. _hTextual Documents |
||
| 250 |
_a7 / _b. |
||
| 260 |
_aLondon : _bThe English Language book society , _c1964. |
||
| 300 | _a576 ; . | ||
| 504 | _a | ||
| 942 | _cBK | ||
| 999 |
_c2055 _d2055 |
||